Jornada dels Economistes 2002 : empreses i empresaris del segle XXI : Barcelona 7 de novembre de 2002, Hotel Fira Palace empreses i empresaris del segle XXI :
MARC
| LEADER | 00000nam a2200000Ia 4500 | ||
|---|---|---|---|
| 001 | 15437 | ||
| 003 | BGR | ||
| 005 | 20260324175300.0 | ||
| 008 | 160829s2002 xx 000 0 cat d | ||
| 080 | |a FU-37-40 | ||
| 111 | |a Jornada dels Economistes |9 71207 |c (Barcelona : |d 2002) | ||
| 245 | |a Jornada dels Economistes 2002 : |b empreses i empresaris del segle XXI : |b Barcelona 7 de novembre de 2002, Hotel Fira Palace | ||
| 260 | |a Barcelona : |b Col·legi d'Economistes de Catalunya, |c 2002 | ||
| 300 | |a [21] p. ; |c 21 cm | ||
| 590 | |a Programa dels actes de la Jornada. | ||
| 590 | |a Institucions patrocinadores: Ajuntament de Barcelona ; Generalitat de Catalunya, Departament d'Economia i Finances ; Diputació de Barcelona, Xarxa de Municipis | ||
| 650 | |a Economia |x Catalunya |x Congressos |9 24184 | ||
| 650 | |a Economistes |x Catalunya |x Congressos |9 24782 | ||
| 650 | |a Empreses |x Catalunya |x Congressos |9 24783 | ||
| 700 | |a Col·legi d'Economistes de Catalunya |9 24186 | ||
| 901 | |a Arxiu | ||
| 942 | |n 1 |2 udc |c JC | ||
| 952 | |0 0 |1 0 |4 0 |6 FU3740 |7 1 |9 43314 |a Arxiu |b Arxiu |d 2016-12-01 |l 0 |o FU-37-40 |p 15437 |r 2016-12-01 00:00:00 |w 2016-12-01 |y ARXIU | ||
| 999 | |c 45859 |d 45859 | ||